Bloodstain Pattern Analysis In Crime Scenarios (Record no. 566094)

MARC details
000 -LEADER
fixed length control field 00515nam a2200181Ia 4500
008 - FIXED-LENGTH DATA ELEMENTS--GENERAL INFORMATION
fixed length control field 241212s9999 xx 000 0 und d
020 ## - INTERNATIONAL STANDARD BOOK NUMBER
ISBN 9789813344273
Paper back/Hardbound pbk
041 ## - LANGUAGE CODE
Language code of text/sound track or separate title eng
082 ## - DEWEY DECIMAL CLASSIFICATION NUMBER
Classification number 363.25 CHO
100 ## - MAIN ENTRY--AUTHOR NAME
Personal name Choromanski, Kacper
245 #0 - TITLE STATEMENT
Title Bloodstain Pattern Analysis In Crime Scenarios
Statement of responsibility, etc /Kacper Choromanski;
250 ## - EDITION STATEMENT
Edition statement 1st ed.
260 ## - PUBLICATION, DISTRIBUTION, ETC. (IMPRINT)
Name of publisher Springer,
Year of publication 2020.
Place of publication Singapore:
300 ## - PHYSICAL DESCRIPTION
Number of Pages 65p. :
Dimensions 21cm.
650 ## - SUBJECT ADDED ENTRY--TOPICAL TERM
Topical Term Other social problems & services
942 ## - ADDED ENTRY ELEMENTS (KOHA)
Koha item type English Books
Holdings
Withdrawn status Lost status Damaged status Not for loan Home library Current library Shelving location Date acquired Full call number Accession Number Price effective from Koha item type
        Anna Centenary Library Anna Centenary Library 4TH FLOOR, A WING 12.12.2024 363.25 CHO 697895 12.12.2024 Reference

Find us on the map